000 00596cab a2200205 4500
001 ABS37019
008 090401t1986 xxu||||| |||| 00| 0 eng d
035 _a(Sirsi) u1598
041 _aeng
100 _aRoberts, S.
245 _aAppreciating your property
260 _c1986
350 _a0
490 _aEstates Times
_v(866) 17 October 1986, 14 (1)
520 _aThis article briefly considers whether organisations use their property assets efficiently and effectively.
650 _aPROPERTY INVESTMENT
690 _aPROPERTY-COMMERCIAL PROPERTY
942 _n0
948 _c04/03/1997
999 _c905
_d905